[Event "Santander Departamental-ch"]
[Site "Santander"]
[Date "2013.11.29"]
[Round "2"]
[White "Navas, Gildardo"]
[Black "Pinzon Alvarez, Juan David"]
[Result "1-0"]
[WhiteElo "1521"]
[BlackElo "1587"]
[PlyCount "51"]
[EventDate "2013.11.28"]
[EventType "swiss"]
[EventRounds "8"]
[EventCountry "COL"]
[SourceTitle "CBM 157 Extra"]
[Source "ChessBase"]
[SourceDate "2013.12.19"]
[SourceVersion "1"]
[SourceVersionDate "2013.12.19"]
[SourceQuality "1"]

1. e4 e5 2. Nf3 Nc6 3. c3 Nf6 4. Bd3 Nh5 5. Bc2 Bc5 6. 0-0 0-0 7. d4 exd4 8. cxd4 Bb4 9. d5 Ne7 10. Ne5 d6 11. Qxh5 Qe8 12. Nd3 g6 13. Qh6 Qb5 14. Nxb4 Qxb4 15. b3 Qd4 16. Nc3 Qxc3 17. Rb1 Qxc2 18. Bb2 f6 19. h3 Qxe4 20. Rfe1 Nf5 21. Rxe4 Nxh6 22. Rbe1 Bf5 23. Re7 Bd3 24. Rxc7 f5 25. Rg7+ Kh8 26. Ree7 1-0